Famous Tornadoes - Statistics

General Stats
  • This quiz has been taken 570 times
    413 since last reset
  • The average score is 12 of 28
Answer Stats
Picture Hint Answer % Correct
May 22nd, 2011 Joplin, MO
91%
May 3rd, 1999 Moore, OK
91%
May 27th, 1997 Jarrell, TX
90%
May 31, 2013 El Reno, OK
77%
May 4, 2007 Greensburg, KS
67%
April 3rd, 1974 Xenia, OH
65%
April 27th, 2011 Tuscaloosa/Birmingham, AL
60%
June 22, 2007 Elie, MB, Canada
59%
June 16, 2014 Pilger, NE
56%
May 20, 2013 Moore, OK
51%
April 27th, 2011 Phil Campbell/Hackleburg, AL
48%
April 27th, 2011 Philadelphia, MS
40%
May 21, 2024 Greenfield, IA
37%
April 26, 1991 Andover, KS
36%
May 12, 1997 Miami, FL
36%
April 29, 2022 Andover, KS
31%
June 3, 1980 Grand Island, NE
27%
June 13, 1968 Tracy, MN
24%
July 31, 1987 Edmonton, AB, Canada
23%
June 8, 1966 Topeka, KS
22%
May 7, 2016 Wray, CO
22%
April 11, 1965 Midway, IN
21%
May 20, 1957 Ruskin Heights, MO
19%
June 2nd, 1995 Dimmitt, TX
18%
Mar 11, 1990 Hesston, KS
17%
April 9, 1947 Woodward, OK
15%
May 15, 1968 Charles City, IA
14%
April 30th, 1953 Warner-Robins, GA
10%
No matching quizzes found
Score Distribution
Percent of People with Each Score
Percentile by Number Answered
Your Score History
You have not taken this quiz since the last reset